| 000 | 00959cam a2200301u 4500 | ||
|---|---|---|---|
| 001 | 9863 | ||
| 003 | BD-RjUL | ||
| 005 | 20211208234843.0 | ||
| 008 | 160728s1965 xx 001 0 eng | ||
| 035 | _a(BD-RjUL)9908 | ||
| 040 |
_aDLC _cCarP _dDLC _dBD-RjUL _beng |
||
| 041 | _aeng | ||
| 082 |
_a364.163 _bBAF 1965 |
||
| 100 | 1 |
_aBasu, H. G. _q(Hari Gopal [from old catalog]) _930472 |
|
| 245 | 0 | 0 |
_aFraud and mistake in law : _b(civil & criminal) / _cH. G. Basu. |
| 250 | _a2d ed. | ||
| 260 |
_aAllahabud : _bLaw Book Co., _c1965. |
||
| 300 |
_aIxxxvii, 517 p. ; _c25 cm. |
||
| 504 | _aIncludes index. | ||
| 650 | 0 |
_aFraud _zIndia. _924077 |
|
| 650 | 0 |
_aMistake (Law) _zIndia. _930473 |
|
| 650 | 0 |
_aFraudulent conveyances _zIndia. _930474 |
|
| 700 | 1 |
_aNarasimhacar, K. T., [from old catalog] _eed. _930475 |
|
| 740 | 0 | _aFraud and mistake in law. | |
| 942 |
_2ddc _cBK |
||
| 999 |
_c9863 _d9863 |
||